[Event "ESP-chT CECLUB Div2"]
[Site "Linares"]
[Date "2018.08.17"]
[Round "6.1"]
[White "Fernandez Romero, Ernesto"]
[Black "Ruperez Benito, Antonio"]
[Result "1-0"]
[WhiteElo "2500"]
[BlackElo "2339"]
[PlyCount "105"]
[EventDate "2018.08.14"]
[EventType "team-swiss"]
[EventRounds "7"]
[EventCountry "ESP"]
[SourceTitle "CBM 186 Extra"]
[Source "ChessBase"]
[SourceDate "2018.08.24"]
[SourceVersion "1"]
[SourceVersionDate "2018.08.24"]
[SourceQuality "1"]
[WhiteTeam "Paterna Laboratorio SyS"]
[BlackTeam "Villalba 64"]
[WhiteTeamCountry "ESP"]
[BlackTeamCountry "ESP"]

1. e4 e6 2. d4 d5 3. Nc3 Bb4 4. e5 c5 5. a3 Bxc3+ 6. bxc3 Qa5 7. Bd2 Qa4 8. Qb1 c4 9. h4 Ne7 10. h5 h6 11. f4 Nbc6 12. Nf3 Bd7 13. g4 0-0-0 14. Bh3 f6 15. Be3 Kb8 16. Kd2 Rdf8 17. Nh4 fxe5 18. fxe5 Be8 19. Qb2 Qa5 20. a4 Nc8 21. Qa3 Qd8 22. Ng2 Qe7 23. Qxe7 N8xe7 24. Nf4 Nd8 25. g5 Nf5 26. Bxf5 Rxf5 27. gxh6 Rxh6 28. Rag1 Rh7 29. h6 g5 30. Ne2 Nf7 31. Ng3 Rf3 32. Ke2 g4 33. Nf1 Nxh6 34. Bxh6 Rxc3 35. Ne3 Bxa4 36. Kd2 Ra3 37. Rxg4 c3+ 38. Ke2 Ra2 39. Kd3 Ra3 40. Rg8+ Kc7 41. Ng4 Bb5+ 42. Ke3 Ra2 43. Nf6 Rf7 44. Rc1 a5 45. Bf8 Bc4 46. Bd6+ Kb6 47. Re8 Rg7 48. Rxe6 Rg2 49. Rb1+ Kc6 50. Bc5+ Kc7 51. Re7+ Kc8 52. Re8+ Kc7 53. Bd6+ 1-0

[Event "ESP-chT CECLUB Div1"]
[Site "Linares"]
[Date "2017.08.14"]
[Round "1.1"]
[White "Santos Latasa, Jaime"]
[Black "Fernandez Romero, Ernesto"]
[Result "1/2-1/2"]
[WhiteElo "2524"]
[BlackElo "2492"]
[PlyCount "66"]
[EventDate "2017.08.14"]
[EventType "team"]
[EventRounds "7"]
[EventCountry "ESP"]
[SourceTitle "CBM 180 Extra"]
[Source "ChessBase"]
[SourceDate "2017.10.06"]
[SourceVersion "1"]
[SourceVersionDate "2017.10.06"]
[SourceQuality "1"]
[WhiteTeam "Extremadura Magic"]
[BlackTeam "Oromana Schneider Electric"]
[WhiteTeamCountry "ESP"]
[BlackTeamCountry "ESP"]

1. e4 e6 2. d4 d5 3. Nc3 Bb4 4. e5 Ne7 5. a3 Bxc3+ 6. bxc3 c5 7. Qg4 0-0 8. Bd3 Nbc6 9. Nf3 f5 10. exf6 Rxf6 11. Bg5 Rf7 12. Qh5 g6 13. Qh4 Qa5 14. Bd2 c4 15. Be2 Nf5 16. Qg5 Nd6 17. h4 Ne4 18. Qe3 e5 19. dxe5 Qc7 20. h5 Nxe5 21. Qd4 Nxf3+ 22. gxf3 Nf6 23. hxg6 hxg6 24. Bg5 Qb6 25. Qxb6 axb6 26. Kd2 Bf5 27. Rhb1 Ra6 28. Be3 Nd7 29. Rb5 Nc5 30. Bxc5 bxc5 31. Rxc5 Rd7 32. a4 Kg7 33. Rb5 b6 1/2-1/2

[Event "Ferrol op 32th"]
[Site "Ferrol"]
[Date "2017.07.23"]
[Round "8"]
[White "Fernandez Romero, Ernesto"]
[Black "Rey Malde, Henrique"]
[Result "1-0"]
[WhiteElo "2470"]
[BlackElo "2162"]
[PlyCount "79"]
[EventDate "2017.07.16"]
[EventType "swiss"]
[EventRounds "9"]
[EventCountry "ESP"]
[SourceTitle "EXT 2024"]
[Source "ChessBase"]
[SourceDate "2023.10.10"]
[SourceVersion "1"]
[SourceVersionDate "2023.10.10"]
[SourceQuality "1"]

1. e4 c5 2. Nf3 d6 3. d4 cxd4 4. Qxd4 Nc6 5. Bb5 Bd7 6. Qd3 Nf6 7. c4 g6 8. Nc3 Bg7 9. 0-0 0-0 10. h3 a6 11. Bxc6 Bxc6 12. Be3 Rb8 13. Nd4 Nd7 14. Rfd1 Qa5 15. Rab1 Ne5 16. Qe2 Qb4 17. f4 Nd7 18. a3 Qa5 19. b4 Qc7 20. Rbc1 Nf6 21. Qd3 Rfc8 22. Nf3 Bd7 23. c5 Be6 24. cxd6 Qxd6 25. Qb1 Qc6 26. Nd5 Bxd5 27. Rxc6 Bxc6 28. Nd2 Ba4 29. Rc1 Bc6 30. Ba7 Ra8 31. Bb6 Nd7 32. Bf2 Bb5 33. Nb3 Nf6 34. Nc5 b6 35. Nb3 Rd8 36. Nd4 Ba4 37. Nc6 Rd2 38. Be3 Rd7 39. Bxb6 Kh8 40. Ne5 1-0

[Event "Ferrol op 32th"]
[Site "Ferrol"]
[Date "2017.07.18"]
[Round "3"]
[White "Safranska, Anda"]
[Black "Fernandez Romero, Ernesto"]
[Result "0-1"]
[WhiteElo "2202"]
[BlackElo "2470"]
[PlyCount "64"]
[EventDate "2017.07.16"]
[EventType "swiss"]
[EventRounds "9"]
[EventCountry "ESP"]
[SourceTitle "EXT 2024"]
[Source "ChessBase"]
[SourceDate "2023.10.10"]
[SourceVersion "1"]
[SourceVersionDate "2023.10.10"]
[SourceQuality "1"]

1. e4 e6 2. d4 d5 3. Nd2 Nf6 4. e5 Nfd7 5. c3 c5 6. f4 Nc6 7. Ndf3 f5 8. Bd3 cxd4 9. cxd4 Be7 10. Ne2 Nb6 11. 0-0 Bd7 12. Kh1 0-0 13. Rg1 Be8 14. h3 Bg6 15. a3 a5 16. Nc3 a4 17. Bc2 Be8 18. g4 Bg6 19. Rg2 fxg4 20. hxg4 Qe8 21. Bd2 Na5 22. Bxg6 hxg6 23. Qc2 Nb3 24. Rf1 Nc4 25. Bc1 Qf7 26. Nh2 Nxd4 27. Qd3 Nb3 28. Be3 Nxe3 29. Qxe3 d4 30. Qh3 dxc3 31. Nf3 Qxf4 32. Rh2 cxb2 0-1

[Event "Ourense Campus 4th"]
[Site "Ourense"]
[Date "2017.07.04"]
[Round "5.2"]
[White "Fernandez Romero, Ernesto"]
[Black "Strikovic, Aleksa"]
[Result "1/2-1/2"]
[WhiteElo "2470"]
[BlackElo "2509"]
[PlyCount "60"]
[EventDate "2017.07.01"]
[EventType "swiss"]
[EventRounds "9"]
[EventCountry "ESP"]
[SourceTitle "EXT 2024"]
[Source "ChessBase"]
[SourceDate "2023.10.10"]
[SourceVersion "1"]
[SourceVersionDate "2023.10.10"]
[SourceQuality "1"]

1. e4 c5 2. Nf3 Nc6 3. d4 cxd4 4. Nxd4 e5 5. Nb5 a6 6. Nd6+ Bxd6 7. Qxd6 Qe7 8. Qxe7+ Ngxe7 9. Nc3 d5 10. Nxd5 Nxd5 11. exd5 Nb4 12. Bd3 Nxd3+ 13. cxd3 Bf5 14. f4 Rd8 15. fxe5 Rxd5 16. 0-0 Rxe5 17. d4 Rd5 18. Be3 Be6 19. Rac1 Ke7 20. a3 Rhd8 21. Rc7+ R8d7 22. Rfc1 f6 23. Rxd7+ Kxd7 24. Rc5 Rxc5 25. dxc5 Kc6 26. Kf2 Kd5 27. h4 Ke4 28. c6 bxc6 29. Bd2 Bd5 30. g4 h6 1/2-1/2

[Event "Seville op 42nd"]
[Site "Seville"]
[Date "2017.01.19"]
[Round "7"]
[White "Pogorelov, Ruslan"]
[Black "Fernandez Romero, Ernesto"]
[Result "1/2-1/2"]
[WhiteElo "2355"]
[BlackElo "2473"]
[PlyCount "54"]
[EventDate "2017.01.13"]
[EventType "swiss"]
[EventRounds "9"]
[EventCountry "ESP"]
[SourceTitle "EXT 2019"]
[Source "ChessBase"]
[SourceDate "2018.10.10"]
[SourceVersion "1"]
[SourceVersionDate "2018.10.10"]
[SourceQuality "1"]

1. c4 Nf6 2. Nc3 e5 3. Nf3 Nc6 4. e3 Bb4 5. Qc2 Bxc3 6. Qxc3 Qe7 7. a3 d5 8. cxd5 Nxd5 9. Qb3 Nb6 10. d3 0-0 11. Be2 a5 12. Bd2 Rd8 13. Bc3 a4 14. Qc2 f6 15. 0-0 Be6 16. Nd2 Na5 17. Bb4 Qf7 18. Rac1 c6 19. Qc5 Nd7 20. Qc3 Nb3 21. Nxb3 Bxb3 22. d4 exd4 23. Qxd4 Ne5 24. Qf4 Nd3 25. Bxd3 Rxd3 26. Bc3 c5 27. e4 Re8 1/2-1/2

[Event "Seville op 42nd"]
[Site "Seville"]
[Date "2017.01.16"]
[Round "4"]
[White "Fernandez Romero, Ernesto"]
[Black "Santos Latasa, Jaime"]
[Result "1/2-1/2"]
[WhiteElo "2473"]
[BlackElo "2566"]
[PlyCount "42"]
[EventDate "2017.01.13"]
[EventType "swiss"]
[EventRounds "9"]
[EventCountry "ESP"]
[SourceTitle "EXT 2019"]
[Source "ChessBase"]
[SourceDate "2018.10.10"]
[SourceVersion "1"]
[SourceVersionDate "2018.10.10"]
[SourceQuality "1"]

1. e4 c5 2. Nf3 d6 3. d4 Nf6 4. dxc5 Nxe4 5. cxd6 Nc6 6. Be3 Nxd6 7. Nc3 e5 8. Nb5 Bf5 9. c3 a6 10. Nxd6+ Bxd6 11. Bc4 0-0 12. Ng5 Be7 13. h4 Qxd1+ 14. Rxd1 h6 15. Nf3 Rfd8 16. Bb6 Rxd1+ 17. Kxd1 Kf8 18. Nd2 Bd8 19. Bc5+ Be7 20. Bb6 Bd8 21. Bc5+ Be7 1/2-1/2

[Event "Seville op 42nd"]
[Site "Seville"]
[Date "2017.01.14"]
[Round "2"]
[White "Fernandez Romero, Ernesto"]
[Black "Hurtado Rueda, Manuel"]
[Result "1-0"]
[WhiteElo "2473"]
[BlackElo "2009"]
[PlyCount "29"]
[EventDate "2017.01.13"]
[EventType "swiss"]
[EventRounds "9"]
[EventCountry "ESP"]
[SourceTitle "EXT 2019"]
[Source "ChessBase"]
[SourceDate "2018.10.10"]
[SourceVersion "1"]
[SourceVersionDate "2018.10.10"]
[SourceQuality "1"]

1. e4 e6 2. d4 b6 3. Nf3 Bb7 4. Bd3 c5 5. c3 cxd4 6. cxd4 Nf6 7. Qe2 Nc6 8. Nc3 d6 9. d5 Nb8 10. Bb5+ Nbd7 11. dxe6 fxe6 12. e5 Bxf3 13. Qxf3 dxe5 14. Bg5 Rc8 15. 0-0-0 1-0

[Event "ESP-chT CECLUB Div1"]
[Site "Linares"]
[Date "2016.08.23"]
[Round "4"]
[White "Peralta, Fernando"]
[Black "Fernandez Romero, Ernesto"]
[Result "1-0"]
[WhiteElo "2587"]
[BlackElo "2477"]
[PlyCount "139"]
[EventDate "2016.08.20"]
[EventType "team-tourn"]
[EventRounds "7"]
[EventCountry "ESP"]
[SourceTitle "CBM 174 Extra"]
[Source "ChessBase"]
[SourceDate "2016.10.10"]
[SourceVersion "1"]
[SourceVersionDate "2016.10.10"]
[SourceQuality "1"]
[WhiteTeam "Barcelona Escola Escacs"]
[BlackTeam "Oromana Schneider Electric"]
[WhiteTeamCountry "ESP"]
[BlackTeamCountry "ESP"]

1. d4 Nf6 2. c4 e6 3. Nc3 Bb4 4. e3 0-0 5. Bd3 d5 6. cxd5 exd5 7. Nge2 Re8 8. Bd2 c5 9. a3 Bxc3 10. Bxc3 c4 11. Bc2 Bg4 12. b3 cxb3 13. Bd3 Ne4 14. Qxb3 Bxe2 15. Bxe2 Nc6 16. 0-0 Nxc3 17. Qxc3 Rc8 18. Bg4 Rc7 19. Rfc1 Qg5 20. Bh3 h5 21. Qd3 g6 22. Rc3 Rd8 23. Rac1 Rd6 24. Rc5 Kh7 25. g3 h4 26. Qd1 hxg3 27. hxg3 Re7 28. Qg4 Qxg4 29. Bxg4 f5 30. Bd1 Kg7 31. Bb3 Red7 32. Ba4 Rc7 33. Bb3 Rcd7 34. Ba4 Rc7 35. Rb1 Kf6 36. Bxc6 bxc6 37. Rb8 Rdd7 38. Kg2 g5 39. g4 fxg4 40. Kg3 Rf7 41. Rg8 Kf5 42. Re8 Kg6 43. Re6+ Rf6 44. Rxf6+ Kxf6 45. Kxg4 Rc8 46. Rc1 Kg6 47. a4 Kf6 48. a5 Kg6 49. a6 Kf6 50. Rh1 c5 51. dxc5 Rxc5 52. Rh6+ Ke5 53. Rh7 Ra5 54. Rxa7 Kf6 55. Ra8 Ra4+ 56. Kf3 Kg7 57. a7 Kh7 58. Ke2 Ra3 59. f3 Kg7 60. Kd2 Kh7 61. Kc2 Kg7 62. Kb2 Ra6 63. Kb3 Rb6+ 64. Kc3 Ra6 65. Kb4 Ra1 66. Kc5 Kh7 67. Kxd5 Kg7 68. e4 Ra6 69. e5 Ra5+ 70. Ke4 1-0

[Event "ESP-chT CECLUB Div1"]
[Site "Linares"]
[Date "2016.08.21"]
[Round "2"]
[White "Mchedlishvili, Mikheil"]
[Black "Fernandez Romero, Ernesto"]
[Result "1-0"]
[WhiteElo "2609"]
[BlackElo "2477"]
[PlyCount "125"]
[EventDate "2016.08.20"]
[EventType "team-tourn"]
[EventRounds "7"]
[EventCountry "ESP"]
[SourceTitle "CBM 174 Extra"]
[Source "ChessBase"]
[SourceDate "2016.10.10"]
[SourceVersion "1"]
[SourceVersionDate "2016.10.10"]
[SourceQuality "1"]
[WhiteTeam "Beniajan Duochess CAC"]
[BlackTeam "Oromana Schneider Electric"]
[WhiteTeamCountry "ESP"]
[BlackTeamCountry "ESP"]

1. c4 Nf6 2. d4 e6 3. Nf3 b6 4. a3 c5 5. d5 Ba6 6. Qc2 exd5 7. cxd5 g6 8. Nc3 Bg7 9. g3 0-0 10. Bg2 d6 11. 0-0 Re8 12. Re1 b5 13. e4 Nbd7 14. h3 Qc8 15. Bf4 b4 16. Na4 Bb5 17. axb4 cxb4 18. Qb1 Ne5 19. Nxe5 dxe5 20. Be3 Nd7 21. Bf1 Bxf1 22. Rxf1 Qb7 23. b3 f5 24. Nc5 Nxc5 25. Bxc5 a5 26. Qd3 Bf8 27. Rfc1 Qa6 28. Qe3 f4 29. Qf3 fxg3 30. Qxg3 Qe2 31. Be3 a4 32. Rxa4 Rxa4 33. bxa4 b3 34. Qg4 Qxg4+ 35. hxg4 Ra8 36. Rb1 Rxa4 37. Rxb3 Rxe4 38. g5 Ra4 39. Rb7 Ra5 40. Rd7 Bc5 41. Kg2 Bxe3 42. fxe3 Kf8 43. Kf3 Ke8 44. Rd6 Ke7 45. Re6+ Kd7 46. e4 Ra1 47. Rxe5 Rg1 48. Ke3 Rg4 49. Kf2 Rh4 50. Kg3 Rh5 51. Kf4 Rh4+ 52. Ke3 Rg4 53. Kd4 Rg1 54. Re6 Rxg5 55. Ra6 h5 56. e5 Rg1 57. e6+ Ke7 58. Ra7+ Kf8 59. d6 Rd1+ 60. Ke5 h4 61. Ra8+ Kg7 62. e7 Re1+ 63. Kf4 1-0

[Event "Seville op 41st"]
[Site "Seville"]
[Date "2016.01.15"]
[Round "8.2"]
[White "Fernandez Romero, Ernesto"]
[Black "Hoffman, Alejandro"]
[Result "1/2-1/2"]
[WhiteElo "2475"]
[BlackElo "2476"]
[PlyCount "98"]
[EventDate "2016.01.08"]
[EventType "swiss"]
[EventRounds "9"]
[EventCountry "ESP"]
[SourceTitle "CBM 170 Extra"]
[Source "ChessBase"]
[SourceDate "2016.02.25"]
[SourceVersion "1"]
[SourceVersionDate "2016.02.25"]
[SourceQuality "1"]

1. e4 e6 2. d4 d5 3. Nc3 dxe4 4. Nxe4 Nd7 5. Nf3 Ngf6 6. Nxf6+ Nxf6 7. c3 Be7 8. Bd3 0-0 9. Bg5 b6 10. Qc2 h6 11. h4 Bb7 12. 0-0-0 Bxf3 13. gxf3 Qd5 14. Rdg1 Kh8 15. Be4 Nxe4 16. Bxe7 Nd6 17. Rxg7 Nf5 18. Bxf8 Nxg7 19. Bxg7+ Kxg7 20. Rg1+ Kf6 21. Qe4 Rd8 22. Qf4+ Ke7 23. Rg7 Qf5 24. Qxf5 exf5 25. Rh7 Rg8 26. Kd2 Rg2 27. Ke2 Rg1 28. Rxh6 Rb1 29. b4 Rb2+ 30. Ke3 Rxa2 31. Rc6 Kd7 32. Rf6 Ke7 33. Rxf5 Rc2 34. Kd3 Rxf2 35. d5 a5 36. bxa5 bxa5 37. Rf4 a4 38. Rxa4 Rxf3+ 39. Kc2 Kd6 40. Rd4 Rh3 41. Kb3 Kc5 42. Kb2 Rh2+ 43. Ka3 Rh1 44. Kb3 Rh3 45. Rf4 Kxd5 46. Rxf7 Rxh4 47. Rxc7 Kd6 48. Rc8 Kd7 49. Rc5 Kd6 1/2-1/2

[Event "Seville op 41st"]
[Site "Seville"]
[Date "2016.01.14"]
[Round "7"]
[White "Pogorelov, Ruslan"]
[Black "Fernandez Romero, Ernesto"]
[Result "0-1"]
[WhiteElo "2336"]
[BlackElo "2475"]
[PlyCount "128"]
[EventDate "2016.01.08"]
[EventType "swiss"]
[EventRounds "9"]
[EventCountry "ESP"]
[SourceTitle "CBM 170 Extra"]
[Source "ChessBase"]
[SourceDate "2016.02.25"]
[SourceVersion "1"]
[SourceVersionDate "2016.02.25"]
[SourceQuality "1"]

1. Nf3 c5 2. c4 Nf6 3. Nc3 Nc6 4. d4 cxd4 5. Nxd4 e6 6. a3 Bc5 7. Nb3 Bb6 8. e4 d5 9. exd5 exd5 10. Nxd5 Nxd5 11. cxd5 0-0 12. Be2 Qf6 13. 0-0 Rd8 14. Qd3 Be6 15. Qf3 Qxf3 16. Bxf3 Bxd5 17. Bxd5 Rxd5 18. Nd2 Ne5 19. Ne4 Nd3 20. Nc3 Rf5 21. Be3 Bxe3 22. fxe3 Rxf1+ 23. Kxf1 Nxb2 24. Rb1 Nc4 25. Rxb7 Nxa3 26. Ke2 h6 27. e4 Nc2 28. Kd2 Nd4 29. Nd5 a5 30. Ke3 Nc6 31. Nb6 Ra6 32. Na4 Ne5 33. Kd4 f6 34. Rb5 h5 35. Kd5 Kh7 36. h4 Ra8 37. Ke6 Kg6 38. Ke7 Ra7+ 39. Ke6 Ra6+ 40. Kd5 Ra8 41. Kd4 Kh6 42. g3 Rd8+ 43. Rd5 Rb8 44. Kc3 Rb4 45. Rd4 Rxd4 46. Kxd4 g5 47. Nc5 gxh4 48. gxh4 Nf3+ 49. Kc4 Nxh4 50. Kb5 Ng2 51. Nd3 Kg5 52. Kxa5 Nf4 53. Nf2 Kh4 54. e5 fxe5 55. Kb5 Kg3 56. Ne4+ Kf3 57. Ng5+ Kg4 58. Ne4 h4 59. Kc6 Kf5 60. Nd2 Ke6 61. Ne4 h3 62. Kc5 h2 63. Ng3 Nd3+ 64. Kc4 Nf2 0-1

[Event "ESP-ch 80th"]
[Site "Linares"]
[Date "2015.08.27"]
[Round "5"]
[White "Montoliu Cervero, Francisco"]
[Black "Fernandez Romero, Ernesto"]
[Result "1/2-1/2"]
[WhiteElo "2338"]
[BlackElo "2488"]
[PlyCount "100"]
[EventDate "2015.08.23"]
[EventType "swiss"]
[EventRounds "9"]
[EventCountry "ESP"]
[SourceTitle "EXT 2016"]
[Source "ChessBase"]
[SourceDate "2015.10.08"]
[SourceVersion "1"]
[SourceVersionDate "2015.10.08"]
[SourceQuality "1"]

1. e4 c5 2. Nf3 e6 3. d4 cxd4 4. Nxd4 Nc6 5. Nc3 Qc7 6. Be3 a6 7. Be2 Nf6 8. f4 Bb4 9. Qd3 d5 10. e5 Ne4 11. Nxc6 Qxc6 12. Bd4 Bd7 13. Bf3 Nxc3 14. Bxc3 Bxc3+ 15. Qxc3 Qxc3+ 16. bxc3 Rc8 17. Kd2 Ba4 18. Rhb1 b5 19. Rb4 Ke7 20. a3 h6 21. Rf1 Rc5 22. Bd1 a5 23. Rd4 f5 24. Rf3 g5 25. Rg3 g4 26. Re3 Rb8 27. Re1 Rbc8 28. Re3 Kd7 29. Be2 Kc6 30. h3 h5 31. h4 Kb6 32. g3 R5c7 33. Bf1 Rb8 34. Re1 Rc5 35. Rb1 Kc7 36. Re1 b4 37. axb4 axb4 38. c4 b3 39. cxb3 Bxb3 40. cxd5 Bxd5 41. Ke3 Rb2 42. Red1 Rc3+ 43. R4d3 Rcc2 44. R1d2 Kc6 45. Be2 Kc5 46. Rxc2+ Rxc2 47. Rd2 Rc1 48. Rd1 Rc2 49. Rd2 Rc1 50. Rd1 Rc2 1/2-1/2

[Event "ESP-chT CECLUB Div2"]
[Site "Padron"]
[Date "2015.08.07"]
[Round "6.2"]
[White "Pazos Porta, Antonio"]
[Black "Fernandez Romero, Ernesto"]
[Result "1/2-1/2"]
[WhiteElo "2343"]
[BlackElo "2488"]
[PlyCount "67"]
[EventDate "2015.08.04"]
[EventType "team"]
[EventRounds "6"]
[EventCountry "ESP"]
[SourceTitle "EXT 2016"]
[Source "ChessBase"]
[SourceDate "2015.10.08"]
[SourceVersion "1"]
[SourceVersionDate "2015.10.08"]
[SourceQuality "1"]
[WhiteTeam "Ferrolano de Ajedrez"]
[BlackTeam "Oromana Schneider Electric"]
[WhiteTeamCountry "ESP"]
[BlackTeamCountry "ESP"]

1. e4 e5 2. Nf3 Nc6 3. Bb5 a6 4. Ba4 Nf6 5. d3 b5 6. Bb3 Be7 7. Nbd2 0-0 8. 0-0 d6 9. c3 Na5 10. Bc2 c5 11. Re1 Nc6 12. Nf1 h6 13. Ng3 Qc7 14. h3 Be6 15. Nh2 d5 16. Ng4 Nxg4 17. hxg4 d4 18. Nf5 Bg5 19. cxd4 Nxd4 20. Nxd4 cxd4 21. Bb3 Qd7 22. Bxg5 hxg5 23. f3 Rfc8 24. Rc1 f6 25. Re2 Rxc1 26. Qxc1 Bxb3 27. axb3 Qe6 28. Rc2 Rf8 29. b4 Qb3 30. Rc8 Qxb4 31. Rxf8+ Qxf8 32. Qc6 Kh7 33. Qxa6 Qb4 34. Qa2 1/2-1/2

[Event "ESP-chT CECLUB Div2"]
[Site "Padron"]
[Date "2015.08.06"]
[Round "4.1"]
[White "Diaz Velandia, Jose Manuel"]
[Black "Fernandez Romero, Ernesto"]
[Result "1/2-1/2"]
[WhiteElo "2315"]
[BlackElo "2488"]
[PlyCount "83"]
[EventDate "2015.08.04"]
[EventType "team"]
[EventRounds "6"]
[EventCountry "ESP"]
[SourceTitle "EXT 2016"]
[Source "ChessBase"]
[SourceDate "2015.10.08"]
[SourceVersion "1"]
[SourceVersionDate "2015.10.08"]
[SourceQuality "1"]
[WhiteTeam "Lliria Benimaclet El Prat"]
[BlackTeam "Oromana Schneider Electric"]
[WhiteTeamCountry "ESP"]
[BlackTeamCountry "ESP"]

1. d4 Nf6 2. Nf3 c5 3. e3 cxd4 4. exd4 d5 5. c3 Nc6 6. Bf4 Bg4 7. Nbd2 e6 8. Qb3 Qc8 9. Bb5 Bxf3 10. Nxf3 Be7 11. 0-0 0-0 12. Bd3 Nh5 13. Be5 Nxe5 14. Nxe5 Nf4 15. Qc2 Nxd3 16. Qxd3 Bd6 17. Rae1 Bxe5 18. Rxe5 Qc4 19. Qxc4 dxc4 20. f4 g6 21. g4 Kg7 22. f5 exf5 23. gxf5 f6 24. Re7+ Rf7 25. Rfe1 Rd8 26. Re8 Rd5 27. fxg6 hxg6 28. Rc8 b5 29. a4 a5 30. Re2 Rb7 31. axb5 Rdxb5 32. Rxc4 Rxb2 33. Rxb2 Rxb2 34. Ra4 Rc2 35. c4 Kf7 36. c5 Rd2 37. Kf1 Ke6 38. Ke1 Rxh2 39. Rxa5 Kd5 40. Ra6 Kxd4 41. Rxf6 Kxc5 42. Rxg6 1/2-1/2

[Event "Seville op 40th"]
[Site "Seville"]
[Date "2015.01.27"]
[Round "4"]
[White "Granero Roca, Antonio"]
[Black "Fernandez Romero, Ernesto"]
[Result "1/2-1/2"]
[WhiteElo "2404"]
[BlackElo "2483"]
[PlyCount "25"]
[EventDate "2015.01.25"]
[EventType "swiss"]
[EventRounds "9"]
[EventCountry "ESP"]
[SourceTitle "CBM 164 Extra"]
[Source "ChessBase"]
[SourceDate "2015.03.02"]
[SourceVersion "1"]
[SourceVersionDate "2015.03.02"]
[SourceQuality "1"]

1. d4 Nf6 2. c4 e6 3. Nf3 b6 4. g3 Bb4+ 5. Bd2 Bxd2+ 6. Qxd2 Bb7 7. Bg2 0-0 8. Nc3 Ne4 9. Qc2 Nxc3 10. Qxc3 d6 11. 0-0 Nd7 12. Rfe1 Nf6 13. Nd2 1/2-1/2

[Event "Roquetas de Mar op 25th"]
[Site "Roquetas de Mar"]
[Date "2014.01.05"]
[Round "6"]
[White "Gonzalez Perez, Arian"]
[Black "Fernandez Romero, Ernesto"]
[Result "1/2-1/2"]
[WhiteElo "2492"]
[BlackElo "2468"]
[PlyCount "73"]
[EventDate "2014.01.02"]
[EventType "swiss"]
[EventRounds "9"]
[EventCountry "ESP"]
[SourceTitle "CBM 158 Extra"]
[Source "ChessBase"]
[SourceDate "2014.02.28"]
[SourceVersion "1"]
[SourceVersionDate "2014.02.28"]
[SourceQuality "1"]

1. d4 Nf6 2. c4 b6 3. Nc3 Bb7 4. d5 e6 5. e4 exd5 6. exd5 Bd6 7. Nf3 0-0 8. Be2 c6 9. Bg5 Re8 10. 0-0 h6 11. Bh4 Na6 12. Nd4 cxd5 13. Nxd5 Bxd5 14. cxd5 Nc5 15. Nf5 Bf8 16. Bf3 g6 17. d6 Rc8 18. Qd4 g5 19. Bg3 Ne6 20. Qd2 Nc5 21. Rae1 Nfe4 22. Bxe4 Nxe4 23. Qd4 Qf6 24. Nxh6+ Bxh6 25. Rxe4 Qxd4 26. Rxd4 Rc2 27. h4 Bg7 28. Ra4 gxh4 29. Bxh4 a5 30. Be7 f6 31. b3 Kf7 32. Rc4 Rxc4 33. bxc4 Rc8 34. Rc1 Rc6 35. g3 f5 36. Kg2 Be5 37. Kf3 1/2-1/2

[Event "Roquetas de Mar op 25th"]
[Site "Roquetas de Mar"]
[Date "2014.01.04"]
[Round "4"]
[White "Sanchez Jerez, Emilio Miguel"]
[Black "Fernandez Romero, Ernesto"]
[Result "0-1"]
[WhiteElo "2287"]
[BlackElo "2468"]
[PlyCount "74"]
[EventDate "2014.01.02"]
[EventType "swiss"]
[EventRounds "9"]
[EventCountry "ESP"]
[SourceTitle "CBM 158 Extra"]
[Source "ChessBase"]
[SourceDate "2014.02.28"]
[SourceVersion "1"]
[SourceVersionDate "2014.02.28"]
[SourceQuality "1"]

1. e4 e6 2. d4 d5 3. Nc3 Bb4 4. a3 Bxc3+ 5. bxc3 dxe4 6. Qg4 Nf6 7. Qxg7 Rg8 8. Qh6 Rg6 9. Qe3 Nc6 10. Ne2 Ne7 11. c4 Nf5 12. Qc3 b6 13. g3 Bb7 14. Bg2 Nh4 15. gxh4 Rxg2 16. Bg5 h6 17. Qh3 e3 18. Bxe3 Ng4 19. d5 Nxe3 20. fxe3 Qf6 21. Kd2 Qf2 22. Rae1 0-0-0 23. Kc1 Kb8 24. Rhf1 Rxh2 25. Rxf2 Rxh3 26. Rxf7 Rxe3 27. Re7 Re4 28. dxe6 Ba6 29. Rd1 Rxd1+ 30. Kxd1 Bxc4 31. Ng3 Rxe6 32. Rg7 a5 33. h5 b5 34. Kd2 Rf6 35. Kc3 Rf3+ 36. Kb2 a4 37. Rg6 b4 0-1

[Event "Azuqueca de Henares op 1st"]
[Site "Azuqueca de Henares"]
[Date "2013.09.20"]
[Round "7"]
[White "Fernandez Romero, Ernesto"]
[Black "Bruzon Batista, Lazaro"]
[Result "1/2-1/2"]
[WhiteElo "2465"]
[BlackElo "2699"]
[PlyCount "77"]
[EventDate "2013.09.15"]
[EventType "swiss"]
[EventRounds "9"]
[EventCountry "ESP"]
[SourceTitle "CBM 156 Extra"]
[Source "ChessBase"]
[SourceDate "2013.10.22"]
[SourceVersion "1"]
[SourceVersionDate "2013.10.22"]
[SourceQuality "1"]

1. e4 c5 2. Nf3 d6 3. d4 cxd4 4. Nxd4 Nf6 5. Nc3 a6 6. Qf3 g6 7. h3 Bg7 8. Bg5 Bd7 9. 0-0-0 Nc6 10. Nxc6 Bxc6 11. Bc4 Qc7 12. Qe3 0-0 13. Rhe1 b5 14. Nd5 Bxd5 15. Bxd5 Rac8 16. Re2 a5 17. a3 b4 18. a4 Nxd5 19. Rxd5 e6 20. Rd3 d5 21. e5 Qd7 22. b3 Rc6 23. Bf6 Rfc8 24. Bxg7 Kxg7 25. Red2 Qc7 26. Qe2 Qe7 27. Kd1 Rc5 28. g3 R8c6 29. h4 h5 30. Rd4 Rc3 31. R4d3 Qc7 32. Re3 d4 33. Rxc3 dxc3 34. Rd3 Rc5 35. Rd6 Qb7 36. Qe3 Qh1+ 37. Ke2 Rd5 38. Rxd5 Qxd5 39. Qf4 1/2-1/2